• 首页
  • 本馆介绍
  • 公告通知
  • 最新文献
  • 馆藏检索
  • 电子资源
  • 读者导购
  • 参考咨询
  • 我的图书馆
  • 登录
  • 详细信息显示
  • 放入我的书架
  • 预约/预借图书
  • 作者相关作品
  • 分类相关作品
  • 丛书相关作品
  • 出版社相关作品

书目信息

  • 表格格式
  • 工作单格式
  • 卡片格式
题名:
美国史上开国三杰
    
 
作者: 富兰克林 , 欧文 , 杰斐逊 著 ;徐枫 , 范斌珍 译
分册:  
出版信息: 天津   天津社会科学院出版社  2016
页数: 452页
开本: 24cm
丛书名:
单 册:
中图分类: B712.31 , K837.127
科图分类:
主题词:
电子资源:
ISBN: 978-7-5563-0255-0
000 01536nam0 22003251 450
001 0115101246
005 20170415101246.0
010    @a978-7-5563-0255-0@dCNY42.00
100    @a20160819d2016 em y0chiy50 ea
101 1  @achi@ceng
102    @aCN@b120000
105    @aa z 000yc
106    @ar
200 1  @a美国史上开国三杰@Amei guo shi shang kai guo san jie@e富兰克林传·华盛顿传·杰斐逊自传@f(美)富兰克林,(美)欧文,(美)杰斐逊著@g徐枫,范斌珍译
210    @a天津@c天津社会科学院出版社@d2016
215    @a452页@c照片@d24cm
330    @a本书介绍了美国三大杰出政治领袖富兰克林、杰斐逊、华盛顿在美国独立战争中,如何带领美国人民打败英国的殖民统治者,赢得了美国的独立。它包含了富兰克林、杰斐逊、华盛顿的人生奋斗与成功的真知灼见,以及诸种善与美的道德真谛。
517 1  @a富兰克林传·华盛顿传·杰斐逊自传@Afu lan ke lin chuan hua sheng dun chuan jie fei xun zi chuan
600  0 @a富兰克林@Afu lan ke lin@c(Franklin, Banjamin@f1706-1790)@x自传
600  0 @a华盛顿@Ahua sheng dun@c(Washington, George@f1732-1799)@x传记
600  0 @a杰佛逊@Ajie fo xun@c(Jefferson, Thomas@f1743-1826)@x自传
690    @aB712.31@v5
690    @aK837.127@v5
701  0 @c(美)@a富兰克林@Afu lan ke lin@c(Franklin, Benjamin@f1706~1790)@4著
701  0 @c(美)@a欧文@Aou wen@c(Irving, Washington@f1783~1859)@4著
701  0 @c(美)@a杰斐逊@Ajie fei xun@c(Jefferson, Thomas@f1743~1826)@4著
702  0 @a徐枫@Axu feng@c(翻译)@4译
702  0 @a范斌珍@Afan bin zhen@4译
801  0 @aCN@bTANGWEI@c20170308
905    @b0965901-3@dB712.31@e35@f3
    
    美国史上开国三杰:富兰克林传·华盛顿传·杰斐逊自传/(美)富兰克林,(美)欧文,(美)杰斐逊著/徐枫,范斌珍译.-天津:天津社会科学院出版社,2016
    452页:照片;24cm
    
    
    ISBN 978-7-5563-0255-0:CNY42.00
    本书介绍了美国三大杰出政治领袖富兰克林、杰斐逊、华盛顿在美国独立战争中,如何带领美国人民打败英国的殖民统治者,赢得了美国的独立。它包含了富兰克林、杰斐逊、华盛顿的人生奋斗与成功的真知灼见,以及诸种善与美的道德真谛。
●
相关链接 在E读中查询图书 在五车中查询图书 在当当中查询图书 在豆瓣中查询图书


正题名:美国史上开国三杰     索取号:B712.31/35         预约/预借

序号 登录号 条形码 馆藏地/架位号 状态 备注
1 0965901   209659010   第一样本阅览室/ [索取号:B712.31/35] 在馆    
2 0965902   209659029   第一借阅区/ [索取号:B712.31/35] 在馆    
3 0965903   209659038   第一借阅区/ [索取号:B712.31/35] 在馆    
唐山师范学院图书馆 欢迎您!
大连网信软件有限公司© 版权所有